| 000 | 00901nam a22002532 4500 | ||
|---|---|---|---|
| 001 | 0000003263 | ||
| 005 | 20151217151920.0 | ||
| 008 | 070502s xx 000 0 eng d | ||
| 020 | _a9966949062 : | ||
| 040 |
_aKABU _cKABU |
||
| 050 | 0 |
_aHD9199 _b.K4N932 |
|
| 100 | 1 |
_aNyangito, Hezron O. _@0000149687 |
|
| 245 | 1 | 0 | _aPolicy and legal framework for the coffee subsector and the impact of liberalization in Kenya. |
| 260 |
_aNairobi : _bKIPRA, _c2001. |
||
| 300 | _axii, 23 p. | ||
| 650 | 0 |
_aCoffee trade _xGovernment policy _zKenya. _@0000153026 |
|
| 650 | 0 |
_aCoffee industry _xGovernment policy _zKenya. _@0000153027 |
|
| 908 | _a070502 | ||
| 950 | _@1 | ||
| 999 |
_c6318 _d6318 |
||